|
|
|
|
| LEADER |
00000nam a2200000 a 4500 |
| 005 |
2011070808118.0 |
| 008 |
100513s2010 sp 000 0 spa c |
| 017 |
|
|
|a DL SE. 2004-2010
|
| 020 |
|
|
|a 9788498498585
|
| 035 |
|
|
|a 5328
|
| 040 |
|
|
|d vLex
|
| 080 |
|
|
|a 331.1-055.2(460)
|
| 090 |
|
|
|c 2195
|d 2195
|
| 245 |
0 |
3 |
|a La Lucha por la igualdad efectiva de mujeres y hombres :
|b reflexiones y aportaciones de la ley de igualdad 3/2007, de 22 de marzo /
|c M.® ℓngeles Bengoechea Gil (ed.) ; Elviro Aranda ℓlvarez ... [et al.]
|h [Recurso electrn̤ico]
|
| 256 |
|
|
|a Servicio en ln̕ea.
|
| 260 |
|
|
|a Madrid :
|b Instituto de Derechos Humanos "Bartolom ̌de las Casas", Universidad Carlos III de Madrid :
|b Dykinson,
|c 2010
|
| 300 |
|
|
|a 303 p. ;
|c 21 cm
|
| 490 |
1 |
|
|a Debates del Instituto Bartolom ̌de las Casas ;
|v 10
|
| 506 |
1 |
|
|a Contenido solo disponible en los productos indicados
|d vLex Global
|d vLex Global (Academic Edition, excluding Law Schools)
|d vLex Global (U.S. Academic Edition, Law Schools)
|d vLex Global (U.S. Academic Edition, excluding Law Schools)
|d vLex Global (Academic Edition, Law Schools)
|
| 610 |
1 |
4 |
|a Espaą.
|t Ley orgǹica 3/2007, de 22 de marzo, para la igualdad efectiva de mujeres y hombres
|
| 650 |
0 |
7 |
|a Derechos fundamentales
|2 Tesauro vLex
|
| 650 |
0 |
7 |
|a Derecho a la igualdad
|2 Tesauro vLex
|
| 650 |
0 |
7 |
|2 Tesauro vLex
|a Derechos de la mujer
|
| 700 |
1 |
|
|a Bengoechea Gil, Mara̕ ℓngeles
|
| 700 |
1 |
|
|a Aranda ℓlvarez, Elviro
|
| 710 |
2 |
|
|a Instituto de derechos humanos "Bartolom ̌de las Casas"
|
| 710 |
2 |
|
|a Espaą.
|t Ley Orgǹica 3/2007, de 22 de marzo, ley de igualdad efectiva de mujeres y hombres
|
| 740 |
0 |
|
|a vLex Libros (Servicio en ln̕ea)
|
| 830 |
|
0 |
|a Debates del Instituto Bartolom ̌de las Casas ;
|v 10
|
| 856 |
4 |
0 |
|u http://vlex.com/source/lucha-igualdad-mujeres-hombres-5328
|z Acceso restringido
|
| 942 |
|
|
|c BOOK
|